000 01333cam a2200301 4500
008 040112n2004 000 0 eng u
020 _a184219173X
035 _a(Sirsi) u124813
041 _aeng
050 _a338.927
_c21
100 _aPavlov, Andrey
245 _aLand values and sustainable development
260 _aLondon
_bRICS Foundation
_c2004
300 _a7p.
_c30cm.
490 _aRICS Foundation Report Series
520 _aThis paper examines the economics of sustainable development when one property owner's pollution reduces property values for other owners. Investigates aspects of environmental protection and considers four alternative strategies for promoting socially optimal protection which include internalising pollution costs and subsidising protection costs with different tax options.
650 _aENVIRONMENTAL PROTECTION
650 _aENVIRONMENTAL IMPACT
650 _aPOLLUTION
650 _aSUSTAINABLE DEVELOPMENT
650 _aPROPERTY OWNERS
650 _aPROPERTY VALUES
650 _aLAND VALUES
690 _aDEVELOPMENT-SUSTAINABLE
710 _aRoyal Institution of Chartered Surveyors
_bFoundation
_94173
856 _uhttps://www.rics.org/Global/Downloads/LandValuesSustainableDevelopment200401.pdf
_zView the report on the RICS Foundation website...
942 _n0
999 _c103275
_d103275